| 000 | 00576nam a22001937a 4500 | ||
|---|---|---|---|
| 005 | 20230303082626.0 | ||
| 008 | 230303b |||||||| |||| 00| 0 eng d | ||
| 020 | _a971-1055-09-0 | ||
| 082 | _a516.3 L897 1968 | ||
| 100 |
_aLove, Clyde E. _eauthor |
||
| 245 |
_aAnalytic geometry / _cClyde E. Love, Earl D. Rainville |
||
| 250 | _a5th ed. | ||
| 260 |
_aNew York: _bThe Mcnillan, _cc1968. |
||
| 300 | _axiv, 302p. | ||
| 504 | _aIncludes index | ||
| 541 | _e1573 c.1, 1576 c.2, 1577 c.3, 1578 c.4 | ||
| 650 | _aAnalytic geometry | ||
| 700 |
_aRainville, Earl D. _eauthor |
||
| 999 |
_c1577 _d1577 |
||